000 01225nam a22002777a 4500
001 BD-DhSAU
003 BD-DhSAU
005 20241230122126.0
008 150420b2005 bg ||||| m||| 00| 0 eng d
040 _aBD-DhSAU
082 _222
_a571.92
_bM7397
100 _aSARKAR, MD. MOMIN
_eRegistration No. # 16-07417
245 _aMorphological, cultural and pathogenic variation of rhizoctonia solani and its in vitro growth inhibition by potential bacterial endophytes of rice leaf sheath /
_bMS thesis
260 _aSher-e-Bangla Agricultural University:
_bDepartment of Plant Pathology,
_c2023.
300 _aix, 70p. ;
_c30 cm.
500 _aMS thesis of Department of Plant Pathology, SYSTEM , Faculty of Agriculture , Sher-e-Bangla Agricultural University, Dhaka, Bangladesh
504 _aIncludes bibliographical reference.
590 _aNazmul
650 _amorphological, cultural and pathogenic variation of rhizoctonia solani
651 _ain vitro growth inhibition
654 _apotential bacterial endophytes of rice leaf sheath
700 _aProf. Dr. F. M. Aminuzzaman
_eSuperviser
700 _aAssico. Prof. Dr. Sayed Mohammad Mohsin
_eCo-superviser
942 _2ddc
_cTHESIS
999 _c17725
_d17724